La resolución de conflictos en el aula

Saved in:
Bibliografiske detaljer
Hovedforfatter: Porro, Bárbara (Author)
Format: Bog
Sprog:spansk
Udgivet: Buenos Aires Paidós 1999
Serier:Paidós Educador, 146
Fag:
Tags: Tilføj Tag
Ingen Tags, Vær først til at tagge denne postø!

MARC

LEADER 00000nam a2200000 a 4500
001 UCL0881
003 CL-VaPUC
008 030825e19990000AG |||||||||||||||||spa|d
020 |a 9501221466 
082 0 4 |a 303.69  |b POR  |2 21 
100 0 |a Porro, Bárbara  |e author  |9 477617 
245 1 3 |a La resolución de conflictos en el aula 
300 |a 201 p 
942 |c BK 
945 |d 20030825 00:00:00  |a cmena 
260 |a Buenos Aires  |b Paidós  |c 1999 
650 0 |a Resolución de conflictos  |9 434922 
650 0 |a Mediación  |9 338396 
650 0 |a Sociología de la educación   |9 260380 
650 0 |a Relaciones interpersonales  |9 307056 
650 0 |a Agresividad  |9 257862 
650 0 |a Cambio social   |9 256857 
583 |a last modification  |c 20030825 00:00:00  |k Rodrigo Vera 
490 0 |a Paidós Educador, 146 
999 |c 304607  |d 304605 
952 |0 0  |1 0  |4 0  |6 303_690000000000000_POR_1999  |7 0  |8 A  |9 367109  |a BIBEDU  |b BIBEDU  |d 2019-11-21  |i 3933024  |o 303.69 POR 1999  |p 3933024  |r 2019-11-21  |w 2019-11-21  |y BK  |k EDU 
952 |0 0  |1 0  |4 0  |6 303_690000000000000_POR_1999  |7 0  |8 A  |9 367110  |a BIBEDU  |b BIBEDU  |d 2019-11-21  |i 4036832  |o 303.69 POR 1999  |p 4036832  |r 2019-11-21  |w 2019-11-21  |y BK  |k EBA